Management : the new work place (Record no. 189858)

MARC details
000 -LEADER
fixed length control field 00442nam a2200157Ia 4500
005 - DATE AND TIME OF LATEST TRANSACTION
control field 20250514111322.0
008 - FIXED-LENGTH DATA ELEMENTS--GENERAL INFORMATION
fixed length control field 231217s9999 xx 000 0 und d
020 ## - INTERNATIONAL STANDARD BOOK NUMBER
International Standard Book Number 9780324422047
082 ## - DEWEY DECIMAL CLASSIFICATION NUMBER
Classification number 658 DAF;1 R
100 ## - MAIN ENTRY--PERSONAL NAME
Personal name Daft, Richard L. Marcic, Dorothy.
245 #0 - TITLE STATEMENT
Title Management : the new work place
260 ## - PUBLICATION, DISTRIBUTION, ETC. (IMPRINT)
Date of publication, distribution, etc. 2007
Name of publisher, distributor, etc. Thomson
Place of publication, distribution, etc. Australia
300 ## - PHYSICAL DESCRIPTION
Extent xxi, 584+G.10+E-27+N1-4+C1+-9+S1-20
650 ## - SUBJECT ADDED ENTRY--TOPICAL TERM
Topical term or geographic name as entry element Management,place
942 ## - ADDED ENTRY ELEMENTS (KOHA)
Koha item type Books
Holdings
Date last seen Total Checkouts Full call number Accession number Old discount Cost, replacement price Price effective from Category Lost status Damaged status Department Withdrawn status bill no. bill date Permanent Location Current Location Shelving location Entry date Vendor Cost, normal purchase price Grants Currency symbol Conversion rate Discount Discount type
26/01/2024   658 DAF;1 R 75532 25 446.25 26/01/2024 Books     Central Library   RB-200 28/10/2014 Central Library Central Library Central Library 30/11/2010 Royal Biblioman 595.00 MBA RS 1 148.75 Rupees

© For any Suggestions or Query, please contact the library staff @ librarian@pes.edu or Phone: +9180 2672 1983/ 2108.